| 000 | 00542nam a2200193 i 4500 | ||
|---|---|---|---|
| 001 | 60774 | ||
| 003 | ES-MaACL | ||
| 005 | 20230906164313.0 | ||
| 007 | t| | ||
| 008 | 031106s1958 sp ||||1| spa d | ||
| 100 | 1 |
_aEstornés Lasa, Mariano. _948185 |
|
| 245 | 1 | 0 |
_aOro del Ezka / _cMariano Estornés Lasa. |
| 260 |
_aZarauz : _bIcharopena, _c[1958] |
||
| 300 |
_a391 p., 12 lám. ; _c19 cm. |
||
| 490 | 1 | _aColección Auñamendi | |
| 830 | 0 |
_aColección Auñamendi _9181019 |
|
| 852 |
_aES-MaACL _jC-15160 _bR.43137 |
||
| 999 |
_c60774 _d60774 |
||